Statistics for Macbeth Franchise

Click here to take the quiz!

General Stats

  • This quiz has been taken 89 times
  • The average score is 29 of 56

Answer Stats

TypeYearNameInfo% Correct
Film1971MacbethColumbia
100%
Play1606The Tragedy of MacbethWilliam Shakespeare
100%
Novel2018MacbethJo Nesbø
99%
Film2015MacbethStudioCanal
99%
TV Play1979MacbethITV
99%
Film1987MacbethUGC
99%
Film2006MacbethPalace Films and Cinemas
99%
TV Film2010MacbethBBC Four
99%
TV Film1961MacbethCBC
99%
TV Film1960MacbethNBC
99%
Film1997MacbethCromwell Productions Ltd.
99%
TV Film2001Macbeth????
99%
Film1948MacbethRepublic Pictures
99%
Film1981MacbethCrest Video Marketing
99%
Short Film1922MacbethBritish Exhibitors' Films
99%
Film1916MacbethTriangle Film Corporation
99%
Film1915MacbethSociété Française des Films Éclair
99%
Opera1847MacbethGiuseppe Verdi
99%
Poem1886-1888MacbethRichard Strauss
99%
TV Film1998MacbethITV Granada
99%
Short Film1908MacbethVitagraph Company
99%
Short Film1909MacbethPathé Frères
99%
Short Film1909MacbethSocietà Italiana Cines / Film Import and Trading Company
99%
Opera1910MacbethErnest Bloch
99%
Short Film1911MacbethCo-operative Cinematograph
99%
Film1913MacbethFilm-Industrie Gesellschaft
99%
TV Film1982Macbeth????
99%
Sculpture1905Lady MacbethElisabet Ney
56%
Play2005The Scottish PlayLee Blessing
21%
Novel1988Wyrd SistersTerry Pratchett
10%
Play1936Voodoo MacbethWilliam Shakespeare / Orson Welles
9%
Play2010DunsinaneDavid Greig
7%
Film1955Joe MacBethColumbia
7%
Film1957Throne of BloodToho
7%
Film2001Scotland, PALot 47 Films
6%
Painting1889Ellen Terry as Lady MacbethJohn Singer Sargent
5%
Play1967MacBird!Barbara Garson
5%
Film2001MakibefoEpicentre Films
5%
Film2003MaqboolKaleidoscope Entertainment Pvt. Ltd.
5%
Film1990Men of RespectColumbia
5%
Novel1998The Last King of ScotlandGiles Foden
5%
Painting1795The Night of Enitharmon's JoyWilliam Blake
5%
Play1979Dogg's Hamlet, Cahoot's MacbethTom Stoppard
4%
Play2009Just Macbeth!Andy Griffiths
4%
Play1972MacbettEugène Ionesco
4%
Play1995MacHomerRick Miller / William Shakespeare
4%
Painting1795PityWilliam Blake
4%
Play2009Sleep No MoreFelix Barrett / Maxine Doyle
4%
Play2011Sleep No MorePunchdrunk
4%
Play1970uMabathaWelcome Msomi
4%
Film1951MarmayogiJupiter Pictures
2%
Essay1823On the Knocking at the Gate in MacbethThomas De Quincey
2%
Film2012Shakespeare Must Die????
2%
Film1966Teenage Gang DebsCIP
2%
Short Film1916The Real Thing at LastBritish Actors Film Company
2%
Film2016Veeram????
2%

Score Distribution

Percentile by Number Answered

Percent of People with Each Score

Your Score History

You have not taken this quiz